000
00276nam a22001337a 4500
003
SGT
020
_a
9788176293164
082
_a
362
_b
GOE
100
_a
GOEL, S.L
245
_a
HOSPITAL CORE SERVICE
260
_b
DEEP PUBLICATION
_c
2018
300
_a
342
942
_2
ddc
_c
BK
_0
2
999
_c
15720
_d
15720